[Event "Grand Pacific op"]
[Site "Victoria CAN"]
[Date "2008.03.24"]
[Round "6.32"]
[White "Simpson, Christopher"]
[Black "Hui, Jeremy"]
[Result "0-1"]
[WhiteElo "1111"]
[BlackElo "1318"]
[PlyCount "66"]
[GameId "2160767910413054"]
[EventDate "2008.03.21"]
[EventType "swiss"]
[EventRounds "6"]
[EventCountry "CAN"]

1. e4 e5 2. Nf3 Nc6 3. Bb5 a6 4. Bxc6 dxc6 5. Nc3 f6 6. d3 Bc5 7. O-O Qe7 8. h3 Be6 9. Qe2 O-O-O 10. Be3 Nh6 11. a3 Bd4 12. Qd2 Nf7 13. Rab1 g5 14. Ne2 Bxe3 15. Qxe3 Kb8 16. Rfd1 h5 17. d4 g4 18. Nh4 Rdg8 19. d5 cxd5 20. exd5 Bc8 21. Nf4 Rh6 22. Kh2 Qe8 23. Ne6 Bxe6 24. dxe6 Qxe6 25. Rd3 Rf8 26. Rbd1 f5 27. f4 gxh3 28. Kxh3 e4 29. Rd5 Nd6 30. Re5 Qf6 31. Rdd5 Nc4 32. Qd4 Nxe5 33. fxe5 Qg5 0-1

[Event "Grand Pacific op"]
[Site "Victoria CAN"]
[Date "2008.03.24"]
[Round "6.33"]
[White "Tyler, Ron"]
[Black "Herringer, Moise"]
[Result "0-1"]
[WhiteElo "1273"]
[BlackElo "1557"]
[PlyCount "84"]
[GameId "2160767910413055"]
[EventDate "2008.03.21"]
[EventType "swiss"]
[EventRounds "6"]
[EventCountry "CAN"]

1. d4 d5 2. c4 e6 3. e3 Nf6 4. Nf3 h6 5. Nbd2 c5 6. dxc5 Bxc5 7. a3 O-O 8. b4 Be7 9. Bb2 dxc4 10. Bxc4 Nbd7 11. O-O b6 12. Be2 Bb7 13. h3 Nd5 14. Rc1 Bf6 15. Qb3 Bxb2 16. Qxb2 N7f6 17. Rc4 Qe8 18. b5 a6 19. Qc2 Nd7 20. Nb3 a5 21. a4 Qe7 22. Nbd4 Nc5 23. Ra1 Nb4 24. Rc3 Rac8 25. Ne5 Qd6 26. Bf3 Bxf3 27. Nexf3 Ncd3 28. Qb3 Rxc3 29. Qxc3 Nc5 30. Ne1 e5 31. Nb3 Nxb3 32. Qxb3 Rd8 33. Nf3 Qf6 34. Rd1 Rc8 35. Nd2 Qf5 36. Nc4 Qe6 37. Nd2 Qg6 38. Nc4 e4 39. Rd2 Rc5 40. Nb2 Nd3 41. Kf1 Rg5 42. Nxd3 exd3 0-1

[Event "Grand Pacific op"]
[Site "Victoria CAN"]
[Date "2008.03.24"]
[Round "6.35"]
[White "Karavai, Algerd"]
[Black "Chiu, Kenneth"]
[Result "1-0"]
[WhiteElo "1190"]
[BlackElo "871"]
[PlyCount "36"]
[GameId "2160767910413056"]
[EventDate "2008.03.21"]
[EventType "swiss"]
[EventRounds "6"]
[EventCountry "CAN"]

1. e4 e5 2. Nf3 Nc6 3. Bc4 Nh6 4. d3 Be7 5. Nc3 a6 6. Nd5 O-O 7. Nxe7+ Nxe7 8. Nxe5 d5 9. exd5 Nxd5 10. Qh5 Be6 11. Bxd5 Qxd5 12. Bxh6 Qxg2 13. O-O-O gxh6 14. Rhg1 Qg7 15. Rxg7+ Kxg7 16. Rg1+ Kh8 17. Qxh6 Rg8 18. Nf3 Rg6 1-0

[Event "Grand Pacific op"]
[Site "Victoria CAN"]
[Date "2008.03.24"]
[Round "6.36"]
[White "Lo, Ryan"]
[Black "Harper, Dave"]
[Result "1/2-1/2"]
[WhiteElo "984"]
[BlackElo "1184"]
[PlyCount "74"]
[GameId "2160767910413057"]
[EventDate "2008.03.21"]
[EventType "swiss"]
[EventRounds "6"]
[EventCountry "CAN"]

1. e4 e5 2. Nf3 Nc6 3. Bc4 Be7 4. Nc3 Nf6 5. d3 O-O 6. Be3 d6 7. Qe2 Be6 8. Bb3 d5 9. exd5 Nxd5 10. Nxd5 Bxd5 11. Rg1 Qd6 12. g3 Rad8 13. h4 Qb4+ 14. Bd2 Qg4 15. Bxd5 Rxd5 16. Qe4 Qxe4+ 17. dxe4 Rd6 18. O-O-O Rfd8 19. Bc3 f6 20. Rxd6 Rxd6 21. Rd1 Rxd1+ 22. Kxd1 Bb4 23. Bxb4 Nxb4 24. a3 Nc6 25. Nd2 Kf7 26. Ke2 h5 27. Ke3 Ke6 28. f4 exf4+ 29. gxf4 Ke7 30. f5 Ne5 31. Kf4 Kd7 32. Nf3 Nxf3 33. Kxf3 Ke7 34. Kf4 Kd6 35. b4 c5 36. c3 c4 37. Ke3 Ke5 1/2-1/2

[Event "Grand Pacific op"]
[Site "Victoria CAN"]
[Date "2008.03.24"]
[Round "6.37"]
[White "Herringer, Greg"]
[Black "Ding, Jill"]
[Result "1-0"]
[WhiteElo "1155"]
[BlackElo "943"]
[PlyCount "43"]
[GameId "2160767910413058"]
[EventDate "2008.03.21"]
[EventType "swiss"]
[EventRounds "6"]
[EventCountry "CAN"]

1. c3 e5 2. e4 Nf6 3. d3 d5 4. Nf3 dxe4 5. Nxe5 exd3 6. Bxd3 Bd6 7. Nc4 Qe7+ 8. Ne3 O-O 9. O-O Qe5 10. g3 Bh3 11. Nd2 Nh5 12. Nf3 Qe6 13. Ng5 Qh6 14. Nxh3 Nd7 15. Nf5 Qe6 16. Qxh5 g6 17. Qg4 Ne5 18. Nh6+ Kg7 19. Qxe6 fxe6 20. Bc2 Rf6 21. Bg5 Rf5 22. Rad1 1-0

[Event "Grand Pacific op"]
[Site "Victoria CAN"]
[Date "2008.03.24"]
[Round "6.38"]
[White "Datcu-Romano, Alex"]
[Black "Lam, Karen"]
[Result "1-0"]
[WhiteElo "1046"]
[BlackElo "921"]
[PlyCount "77"]
[GameId "2160767910413059"]
[EventDate "2008.03.21"]
[EventType "swiss"]
[EventRounds "6"]
[EventCountry "CAN"]

1. e4 e5 2. Nf3 Nc6 3. g3 Nf6 4. Nc3 Bc5 5. Bg2 d6 6. O-O O-O 7. d3 h6 8. Bd2 Bg4 9. Qc1 Nd4 10. Nxd4 Bxd4 11. h3 Bd7 12. Ne2 Qc8 13. g4 b6 14. Nxd4 exd4 15. Bf4 Re8 16. c3 dxc3 17. bxc3 b5 18. Be3 c6 19. Rb1 Qa6 20. Bf4 d5 21. exd5 cxd5 22. Re1 Rxe1+ 23. Qxe1 Be6 24. g5 Nd7 25. gxh6 gxh6 26. Bxh6 Kh7 27. Bd2 Nc5 28. Qe3 Bf5 29. Bxd5 Bxd3 30. Bxf7 Qf6 31. Re1 Qxf7 32. Qxc5 Rf8 33. Re7 Qxe7 34. Qxe7+ Kg8 35. Bh6 Rf7 36. Qe8+ Kh7 37. Qxf7+ Kxh6 38. Qe6+ Kg5 39. Qd5+ 1-0

[Event "Grand Pacific op"]
[Site "Victoria CAN"]
[Date "2008.03.24"]
[Round "6.39"]
[White "Lam, Kenneth"]
[Black "Chiu, Joseph"]
[Result "1-0"]
[WhiteElo "880"]
[BlackElo "1075"]
[PlyCount "99"]
[GameId "2160767910413060"]
[EventDate "2008.03.21"]
[EventType "swiss"]
[EventRounds "6"]
[EventCountry "CAN"]

1. e4 e5 2. Nf3 f6 3. g3 Nc6 4. Bg2 d6 5. O-O Bg4 6. h3 Bxf3 7. Bxf3 Qd7 8. Bg2 g6 9. d3 O-O-O 10. b3 Nge7 11. a4 a5 12. b4 Nxb4 13. Qd2 c5 14. c3 Nbc6 15. d4 cxd4 16. cxd4 Nxd4 17. Qxa5 Qc7 18. Qa8+ Qb8 19. Qa5 Nb3 20. Qc3+ Nc5 21. Be3 Qc7 22. a5 Na6 23. Qa3 Qb8 24. Rc1+ Nc6 25. Bb6 d5 26. Qa4 Rd6 27. exd5 Qa8 28. dxc6 bxc6 29. Bxc6 Qxc6 30. Rxc6+ Rxc6 31. Qxc6+ Kb8 32. Nc3 Be7 33. Rb1 Bb4 34. f3 Rc8 35. Bc7+ Rxc7 36. Qxa6 Rb7 37. Nd5 Bc5+ 38. Kf1 Rxb1+ 39. Ke2 Rb2+ 40. Kd3 Rb3+ 41. Kc4 Rb1 42. Kxc5 Rc1+ 43. Kd6 Rb1 44. Qc6 Ka7 45. a6 h6 46. Nc7 Rb8 47. Nb5+ Rxb5 48. Qxb5 f5 49. Kc7 e4 50. Qb7# 1-0

[Event "Grand Prix A"]
[Site "Winnipeg CAN"]
[Date "2008.11.04"]
[Round "1"]
[White "Kernetsky, Myron"]
[Black "Khedkar, Jay"]
[Result "1-0"]
[WhiteElo "1943"]
[BlackElo "2006"]
[PlyCount "71"]
[GameId "2160767910294465"]
[EventDate "2008.11.04"]
[EventType "tourn"]
[EventRounds "6"]
[EventCountry "CAN"]

1. d4 d5 2. c4 e6 3. Nf3 c6 4. e3 Nf6 5. Nc3 Nbd7 6. Bd3 dxc4 7. Bxc4 b5 8. Bd3 a6 9. O-O c5 10. dxc5 Nxc5 11. Bc2 Bb7 12. Qe2 b4 13. Na4 Qa5 14. Nxc5 Bxc5 15. Bd2 O-O 16. a3 Qb6 17. Rfd1 b3 18. Bd3 Rfd8 19. Bc3 Nd5 20. Bd4 Nf4 21. exf4 Bxd4 22. Rd2 Bf6 23. Ne5 Qc7 24. Rad1 Rd5 25. Bc4 Rxd2 26. Rxd2 Bxe5 27. fxe5 Rb8 28. h3 g6 29. Rd3 Qc6 30. f3 Rc8 31. Bxb3 Qb6+ 32. Kh2 a5 33. Qd2 Bc6 34. Rc3 Rb8 35. Qd6 Bd5 36. Rc8+ 1-0

[Event "Grand Prix A"]
[Site "Winnipeg CAN"]
[Date "2008.11.04"]
[Round "1"]
[White "Mundwiler, Les"]
[Black "Lipnowski, Samuel"]
[Result "1/2-1/2"]
[WhiteElo "2004"]
[BlackElo "2277"]
[PlyCount "99"]
[GameId "2160767910294466"]
[EventDate "2008.11.04"]
[EventType "tourn"]
[EventRounds "6"]
[EventCountry "CAN"]

1. e4 c5 2. c4 Nc6 3. Nc3 g6 4. g3 Bg7 5. Bg2 d6 6. Nge2 Nf6 7. d3 O-O 8. a3 Ne8 9. O-O Nc7 10. Rb1 Ne6 11. b4 Ned4 12. f4 Nxe2+ 13. Nxe2 Nd4 14. Nxd4 Bxd4+ 15. Kh1 Rb8 16. f5 Bg7 17. Be3 Qc7 18. Qd2 b6 19. Bh6 Bb7 20. Rf2 Bc6 21. Rbf1 Be8 22. Bxg7 Kxg7 23. f6+ exf6 24. Rxf6 Rd8 25. Qf4 Qe7 26. Qg5 Qc7 27. h4 h6 28. Qf4 Qe7 29. h5 g5 30. Qf5 Bd7 31. Qf2 Bg4 32. e5 dxe5 33. Be4 Rd6 34. Rf5 Re6 35. bxc5 bxc5 36. Bd5 Bxf5 37. Qxf5 Rf6 38. Qh3 Rxf1+ 39. Qxf1 Qd7 40. Qe1 Re8 41. Kg2 f5 42. Qa5 e4 43. Qa6 Rb8 44. Qg6+ Kh8 45. Bf7 Rb2+ 46. Kh1 Rb1+ 47. Kh2 Rb2+ 48. Kh1 Rb1+ 49. Kh2 Rb2+ 50. Kh1 1/2-1/2

[Event "Grand Prix A"]
[Site "Winnipeg CAN"]
[Date "2008.11.18"]
[Round "2"]
[White "Mundwiler, Les"]
[Black "Kernetsky, Myron"]
[Result "1/2-1/2"]
[WhiteElo "2004"]
[BlackElo "1943"]
[PlyCount "113"]
[GameId "2160767910294467"]
[EventDate "2008.11.04"]
[EventType "tourn"]
[EventRounds "6"]
[EventCountry "CAN"]

1. d4 Nf6 2. c4 e6 3. Nf3 b6 4. a3 Ba6 5. Qb3 Be7 6. Nc3 c5 7. dxc5 bxc5 8. Bf4 O-O 9. e4 Nc6 10. Rd1 Qc8 11. h3 Rd8 12. Be2 d6 13. O-O Rb8 14. Qa2 h6 15. e5 dxe5 16. Nxe5 Nd4 17. Bd3 Rb6 18. Rfe1 Bb7 19. Ne2 Nc6 20. Nc3 Ba8 21. Bf1 Nd4 22. Nb5 Nxb5 23. cxb5 Rxd1 24. Rxd1 Bd5 25. Bc4 Qb7 26. a4 Bxg2 27. a5 Rd6 28. Rxd6 Bxd6 29. Qb3 Bd5 30. Nd3 Bh1 31. Kf1 Bg2+ 32. Ke1 Qe4+ 33. Be3 Nd5 34. Kd2 Nxe3 35. fxe3 Bxh3 36. Nc1 Bf5 37. Ne2 h5 38. Qd3 Qe5 39. Qc3 h4 40. Qxe5 Bxe5 41. Ng1 h3 42. Nf3 h2 43. Nxh2 Bxh2 44. Bd3 Bxd3 45. Kxd3 Kf8 46. Kc4 Bd6 47. b6 axb6 48. a6 Bb8 49. Kb5 Ba7 50. Kc6 g5 51. Kb7 g4 52. Kxa7 g3 53. Kxb6 g2 54. a7 g1=Q 55. a8=Q+ Kg7 56. Qe4 Qc1 57. Qg2+ 1/2-1/2

[Event "Grand Prix A"]
[Site "Winnipeg CAN"]
[Date "2008.11.25"]
[Round "3"]
[White "Khedkar, Jay"]
[Black "Mundwiler, Les"]
[Result "1-0"]
[WhiteElo "2006"]
[BlackElo "2004"]
[PlyCount "97"]
[GameId "2160767910294468"]
[EventDate "2008.11.04"]
[EventType "tourn"]
[EventRounds "6"]
[EventCountry "CAN"]

1. e4 e5 2. f4 exf4 3. Nf3 Ne7 4. d4 d5 5. e5 Ng6 6. Bd3 Be7 7. O-O O-O 8. Nc3 c5 9. Ne2 cxd4 10. Bxf4 Nxf4 11. Nxf4 Nc6 12. Kh1 Bg4 13. h3 Be6 14. Nh2 Bg5 15. Nxe6 fxe6 16. Qh5 Bh6 17. Rxf8+ Qxf8 18. Ng4 Qe7 19. Rf1 Rf8 20. Nxh6+ gxh6 21. Qg4+ Kh8 22. Rxf8+ Qxf8 23. Qxe6 Qe7 24. Qxd5 Qxe5 25. Qxe5+ Nxe5 26. Kh2 b6 27. Kg3 Kg7 28. Kf4 Kf6 29. Ke4 Nc6 30. a3 h5 31. Kd5 Ne7+ 32. Kxd4 h6 33. Be4 h4 34. c4 Ke6 35. b4 Kd6 36. a4 a5 37. c5+ bxc5+ 38. bxc5+ Kc7 39. Kc4 Ng8 40. Kb5 Nf6 41. Bf3 Nd7 42. c6 Ne5 43. Kxa5 Nc4+ 44. Kb5 Nb6 45. a5 Nc8 46. Kc5 Ne7 47. Be4 Nc8 48. Bf5 Nd6 49. a6 1-0

[Event "Grand Prix A"]
[Site "Winnipeg CAN"]
[Date "2008.12.02"]
[Round "4"]
[White "Mundwiler, Les"]
[Black "Khedkar, Jay"]
[Result "1-0"]
[WhiteElo "2004"]
[BlackElo "2006"]
[PlyCount "75"]
[GameId "2160767910294469"]
[EventDate "2008.11.04"]
[EventType "tourn"]
[EventRounds "6"]
[EventCountry "CAN"]

1. e4 c5 2. Nc3 e6 3. Nf3 a6 4. g3 Nc6 5. Bg2 d6 6. O-O Nf6 7. d3 Be7 8. Re1 Qc7 9. Bf4 O-O 10. h3 Nd7 11. g4 Bf6 12. Bg3 Nd4 13. Qd2 Nxf3+ 14. Bxf3 Be5 15. Bh4 b5 16. Bg2 Bb7 17. Rab1 b4 18. Ne2 f5 19. f4 Bf6 20. g5 Be7 21. Ng3 h6 22. exf5 hxg5 23. fxg5 Ne5 24. Rxe5 dxe5 25. f6 Bd8 26. Ne4 Bxe4 27. Bxe4 Ra7 28. Rf1 Kf7 29. Qe2 g6 30. Bg3 Qd7 31. h4 Rh8 32. Bf2 Bb6 33. Kg2 Qd8 34. Rh1 Qg8 35. h5 gxh5 36. Rxh5 Ke8 37. g6 Rf7 38. Rxh8 1-0

[Event "Grand Prix A"]
[Site "Winnipeg CAN"]
[Date "2008.12.09"]
[Round "5"]
[White "Kernetsky, Myron"]
[Black "Mundwiler, Les"]
[Result "1-0"]
[WhiteElo "1943"]
[BlackElo "2004"]
[PlyCount "101"]
[GameId "2160767910294470"]
[EventDate "2008.11.04"]
[EventType "tourn"]
[EventRounds "6"]
[EventCountry "CAN"]

1. d4 Nf6 2. c4 d5 3. cxd5 Nxd5 4. e4 Nf6 5. Nc3 e5 6. d5 Bd6 7. Nf3 h6 8. Be2 Nbd7 9. a3 a6 10. O-O g5 11. Nd2 Nf8 12. Nc4 Ng6 13. Re1 Nf4 14. Be3 h5 15. Rc1 Qd7 16. Bf1 Kf8 17. Nxd6 cxd6 18. Na4 Qd8 19. Bb6 Qe8 20. Bc7 Qe7 21. Nb6 Bg4 22. Qb3 Kg7 23. Nxa8 Rxa8 24. Qb4 Ne8 25. Bb6 h4 26. f3 Bc8 27. Rc3 g4 28. fxg4 Bxg4 29. Be3 Nf6 30. Bb6 N6h5 31. Be3 Rg8 32. Qb6 Kh7 33. Rc7 Qf6 34. Bxf4 Nxf4 35. Rc2 Bf3 36. Kh1 h3 37. gxf3 Nd3 38. Re3 Nc5 39. Bxh3 Qf4 40. Rce2 Nd3 41. Qb3 Nc1 42. Qd1 Nxe2 43. Qxe2 Kg7 44. Rc3 Kf6 45. Qe3 Qh4 46. Bg4 Rh8 47. Rc2 b5 48. Qf2 Qg5 49. Rc6 Rd8 50. Qb6 Qe3 51. Qxe3 1-0

[Event "Grand Prix A"]
[Site "Winnipeg CAN"]
[Date "2008.12.16"]
[Round "6"]
[White "Khedkar, Jay"]
[Black "Kernetsky, Myron"]
[Result "1-0"]
[WhiteElo "2006"]
[BlackElo "1943"]
[PlyCount "105"]
[GameId "2160767910294471"]
[EventDate "2008.11.04"]
[EventType "tourn"]
[EventRounds "6"]
[EventCountry "CAN"]

1. e4 e6 2. d4 d5 3. Nd2 Nf6 4. e5 Nfd7 5. Bd3 c5 6. c3 Nc6 7. Ne2 cxd4 8. cxd4 Qb6 9. Nf3 f6 10. exf6 Nxf6 11. O-O Bd6 12. Re1 O-O 13. Bf4 Qc7 14. Qd2 Bd7 15. Rac1 Rae8 16. b4 Qb8 17. Bxd6 Qxd6 18. b5 Nd8 19. Ne5 Nf7 20. Nf4 Bc8 21. Qa5 Qb8 22. Rc7 Nxe5 23. dxe5 Nd7 24. g3 Nb6 25. Rec1 Bd7 26. Qb4 Rf7 27. Qd6 Nc8 28. Qc5 Nb6 29. a4 Na8 30. Qc2 g6 31. Rc3 Qxe5 32. Nxg6 Qg7 33. Nh4 Ref8 34. Rf1 e5 35. Rc5 e4 36. Be2 Be6 37. a5 Nc7 38. Ng2 Ne8 39. Bh5 Re7 40. Bxe8 Rexe8 41. Qd2 Kh8 42. Nf4 Rf6 43. Nxe6 Rexe6 44. Rc8+ Rf8 45. Rxf8+ Qxf8 46. Qxd5 Qe7 47. Qd4+ Kg8 48. Qxa7 Re5 49. b6 e3 50. fxe3 Rxe3 51. Qb8+ Kg7 52. Qf4 Rc3 53. Qd4+ 1-0

[Event "Grand Prix B"]
[Site "Winnipeg CAN"]
[Date "2008.11.04"]
[Round "1"]
[White "Greenberg, Harley"]
[Black "Green, Jim"]
[Result "0-1"]
[WhiteElo "1772"]
[BlackElo "1754"]
[PlyCount "64"]
[GameId "2160767910294472"]
[EventDate "2008.11.04"]
[EventType "tourn"]
[EventRounds "6"]
[EventCountry "CAN"]
[SourceTitle "EXT 2011"]
[Source "ChessBase"]
[SourceDate "2011.11.26"]
[SourceVersion "1"]
[SourceVersionDate "2011.11.26"]
[SourceQuality "1"]

1. d4 d5 2. c4 c6 3. Nc3 Nf6 4. Nf3 a6 5. c5 Nbd7 6. Qc2 g6 7. Bg5 Bg7 8. e3 O-O 9. Bd3 Re8 10. O-O-O e5 11. dxe5 Nxe5 12. Nxe5 Rxe5 13. f4 Rxe3 14. f5 Rxd3 15. Qxd3 Bxf5 16. Qe3 Qd7 17. Bxf6 Bxf6 18. Ne4 Bg7 19. Nd6 Be6 20. h3 Qc7 21. g4 b6 22. Rhg1 bxc5 23. Nf5 d4 24. Qg5 Bxf5 25. gxf5 h6 26. Qg2 Qf4+ 27. Rd2 Qxf5 28. Rf1 Qe6 29. b3 Re8 30. Rdf2 Qe3+ 31. Kb1 Qd3+ 32. Kc1 Qc3+ 0-1

[Event "Grand Prix B"]
[Site "Winnipeg CAN"]
[Date "2008.11.04"]
[Round "1"]
[White "Wierda, John"]
[Black "Kong, Dezheng"]
[Result "1/2-1/2"]
[WhiteElo "1726"]
[BlackElo "1870"]
[PlyCount "68"]
[GameId "2160767910294473"]
[EventDate "2008.11.04"]
[EventType "tourn"]
[EventRounds "6"]
[EventCountry "CAN"]
[SourceTitle "EXT 2011"]
[Source "ChessBase"]
[SourceDate "2011.11.26"]
[SourceVersion "1"]
[SourceVersionDate "2011.11.26"]
[SourceQuality "1"]

1. Nf3 Nf6 2. g3 g6 3. Bg2 Bg7 4. O-O O-O 5. c4 c5 6. Nc3 Nc6 7. a3 d6 8. d3 Bd7 9. Bd2 Rb8 10. Rb1 a5 11. Na2 e6 12. b4 axb4 13. axb4 cxb4 14. Nxb4 Qc7 15. Nxc6 bxc6 16. Rxb8 Rxb8 17. Qc2 Ne8 18. c5 Rb2 19. cxd6 Rxc2 20. dxc7 Nxc7 21. Rd1 Nb5 22. Rc1 Rxc1+ 23. Bxc1 Nc3 24. Kf1 c5 25. Nd2 f5 26. Ba3 Bf8 27. Nc4 Bb5 28. Ne5 Bg7 29. f4 Bxe5 30. fxe5 c4 31. dxc4 Bxc4 32. Bf3 g5 33. Bb2 Nd1 34. Bd4 f4 1/2-1/2

[Event "Grand Prix B"]
[Site "Winnipeg CAN"]
[Date "2008.11.18"]
[Round "2"]
[White "Kong, Dezheng"]
[Black "Green, Jim"]
[Result "1-0"]
[WhiteElo "1870"]
[BlackElo "1754"]
[PlyCount "106"]
[GameId "2160767910294474"]
[EventDate "2008.11.04"]
[EventType "tourn"]
[EventRounds "6"]
[EventCountry "CAN"]
[SourceTitle "EXT 2011"]
[Source "ChessBase"]
[SourceDate "2011.11.26"]
[SourceVersion "1"]
[SourceVersionDate "2011.11.26"]
[SourceQuality "1"]

1. c4 e6 2. Nf3 d5 3. e3 c6 4. Nc3 Nf6 5. d4 Be7 6. Bd3 dxc4 7. Bxc4 Nbd7 8. O-O O-O 9. Qc2 Qc7 10. e4 Re8 11. Bg5 Nf8 12. Bd3 a6 13. Rad1 b5 14. a3 Bb7 15. b4 Rac8 16. Bxf6 Bxf6 17. e5 Be7 18. Ne4 a5 19. Nc5 axb4 20. axb4 h6 21. Ra1 Ra8 22. Be4 Bxc5 23. Qxc5 Nd7 24. Qc3 Nb6 25. Nd2 Nd5 26. Bxd5 exd5 27. Nb3 Rxa1 28. Rxa1 Ra8 29. Na5 Ra6 30. Rc1 Kf8 31. Qc5+ Ke8 32. Qxb5 Rb6 33. Qc5 Ba8 34. b5 Qb8 35. Nxc6 Bxc6 36. bxc6 Rb1 37. c7 Rxc1+ 38. Qxc1 Qc8 39. Qc6+ Kf8 40. Qd6+ Ke8 41. Kf1 Qd7 42. Qc5 Qc8 43. Qc6+ Kf8 44. Qd6+ Ke8 45. Qd8+ Qxd8 46. cxd8=Q+ Kxd8 47. Ke2 Kd7 48. g4 Ke6 49. f4 f5 50. gxf5+ Kxf5 51. h4 h5 52. Kd3 g6 53. Kc3 Ke6 1-0

[Event "Grand Prix B"]
[Site "Winnipeg CAN"]
[Date "2008.11.18"]
[Round "2"]
[White "Wierda, John"]
[Black "Greenberg, Harley"]
[Result "0-1"]
[WhiteElo "1726"]
[BlackElo "1772"]
[PlyCount "32"]
[GameId "2160767910294475"]
[EventDate "2008.11.04"]
[EventType "tourn"]
[EventRounds "6"]
[EventCountry "CAN"]
[SourceTitle "EXT 2011"]
[Source "ChessBase"]
[SourceDate "2011.11.26"]
[SourceVersion "1"]
[SourceVersionDate "2011.11.26"]
[SourceQuality "1"]

1. Nf3 d5 2. c4 c6 3. b3 Nf6 4. Bb2 Bf5 5. d3 e6 6. Nh4 Bd6 7. Nxf5 exf5 8. cxd5 cxd5 9. Nd2 O-O 10. g3 f4 11. Bg2 fxg3 12. hxg3 Nc6 13. a3 Re8 14. Nf3 Qe7 15. b4 Ng4 16. Rc1 Nxf2 0-1

[Event "Grand Prix B"]
[Site "Winnipeg CAN"]
[Date "2008.11.25"]
[Round "3"]
[White "Green, Jim"]
[Black "Wierda, John"]
[Result "0-1"]
[WhiteElo "1754"]
[BlackElo "1726"]
[PlyCount "147"]
[GameId "2160767910294476"]
[EventDate "2008.11.04"]
[EventType "tourn"]
[EventRounds "6"]
[EventCountry "CAN"]
[SourceTitle "EXT 2011"]
[Source "ChessBase"]
[SourceDate "2011.11.26"]
[SourceVersion "1"]
[SourceVersionDate "2011.11.26"]
[SourceQuality "1"]

1. e4 e6 2. d3 d5 3. Nd2 Nf6 4. Ngf3 Bc5 5. h3 O-O 6. Be2 b6 7. e5 Nfd7 8. d4 Be7 9. O-O c5 10. c3 Nc6 11. Bd3 cxd4 12. cxd4 f5 13. exf6 Nxf6 14. a3 Bd6 15. Re1 Qc7 16. Nf1 Bd7 17. Bg5 Rae8 18. Rc1 Qb7 19. Qc2 h6 20. Bh4 Rc8 21. Qe2 Rce8 22. Bg6 Re7 23. Qd3 e5 24. dxe5 Nxe5 25. Nxe5 Rxe5 26. Rxe5 Bxe5 27. Rc2 Rc8 28. Rxc8+ Bxc8 29. b3 Qc6 30. a4 Bb7 31. Bg3 Qd6 32. Bxe5 Qxe5 33. Ng3 a6 34. Ne2 Nd7 35. Qf3 Qf6 36. Qf5 Qa1+ 37. Kh2 Qe5+ 38. Ng3 Qxf5 39. Bxf5 Nc5 40. Bc2 d4 41. b4 d3 42. Bd1 Ne6 43. Nf5 Nf4 44. Ne3 Bc6 45. Kg1 Ne2+ 46. Kf1 Nc3 47. Bb3+ Kf8 48. a5 bxa5 49. bxa5 Ne4 50. Ke1 Bb5 51. f3 Nc5 52. Bc4 Bxc4 53. Nxc4 Nb3 54. Nb2 Nxa5 55. Nxd3 Nc4 56. Kd1 Ne3+ 57. Kd2 Nxg2 58. Kc3 Ne3 59. Kb4 Nd5+ 60. Ka5 Nc7 61. Kb6 Kf7 62. Kxc7 a5 63. Nb2 g5 64. Nd1 Kf6 65. Kd6 Kf5 66. Kd5 a4 67. Kd4 Kf4 68. Nf2 a3 69. Kc3 Kxf3 70. Ng4 h5 71. Nf6 Kg3 72. Nxh5+ Kxh3 73. Nf6 Kg3 74. Ne4+ 0-1

[Event "Grand Prix B"]
[Site "Winnipeg CAN"]
[Date "2008.11.25"]
[Round "3"]
[White "Greenberg, Harley"]
[Black "Kong, Dezheng"]
[Result "0-1"]
[WhiteElo "1772"]
[BlackElo "1870"]
[PlyCount "58"]
[GameId "2160767740941025"]
[EventDate "2008.11.04"]
[EventType "tourn"]
[EventRounds "6"]
[EventCountry "CAN"]

1. d4 Nf6 2. c4 c5 3. d5 e6 4. Nc3 d6 5. e4 exd5 6. cxd5 Be7 7. Nf3 O-O 8. Be2 Nbd7 9. O-O a6 10. a4 Ne5 11. Nd2 Bg4 12. h3 Bxe2 13. Qxe2 Qc7 14. f4 Ng6 15. Nc4 Nd7 16. Ra3 Rfe8 17. Nd1 b5 18. axb5 axb5 19. Rxa8 Rxa8 20. Na3 Re8 21. Ne3 Bf8 22. Ng4 f5 23. Nf2 Nf6 24. g4 fxe4 25. g5 Nxd5 26. Nxe4 Qd7 27. Qd3 Qe6 28. Ng3 {Error reading move: Ne7} Nc7 29. f5 Ne5 0-1

[Event "Grand Prix B"]
[Site "Winnipeg CAN"]
[Date "2008.12.02"]
[Round "4"]
[White "Kong, Dezheng"]
[Black "Greenberg, Harley"]
[Result "1/2-1/2"]
[WhiteElo "1870"]
[BlackElo "1772"]
[PlyCount "90"]
[GameId "2160767910294477"]
[EventDate "2008.11.04"]
[EventType "tourn"]
[EventRounds "6"]
[EventCountry "CAN"]
[SourceTitle "EXT 2011"]
[Source "ChessBase"]
[SourceDate "2011.11.26"]
[SourceVersion "1"]
[SourceVersionDate "2011.11.26"]
[SourceQuality "1"]

1. c4 Nf6 2. Nc3 g6 3. g3 Bg7 4. Bg2 d6 5. Nf3 e5 6. d4 exd4 7. Nxd4 O-O 8. O-O a6 9. Bg5 h6 10. Bxf6 Bxf6 11. Qd2 Nd7 12. Rad1 Bg7 13. Nd5 Nc5 14. Qa5 Ne6 15. Nxe6 Bxe6 16. Qxc7 Bxd5 17. Qxd8 Rfxd8 18. Bxd5 Bxb2 19. Bxb7 Ra7 20. Bd5 Rc7 21. Rb1 Bd4 22. Rfd1 Bc5 23. e4 Kg7 24. a4 a5 25. Kg2 Kf6 26. f4 Bb4 27. Rf1 Kg7 28. Rf3 Re8 29. Rbf1 f5 30. exf5 gxf5 31. h3 h5 32. g4 hxg4 33. hxg4 Re2+ 34. R1f2 Rxf2+ 35. Kxf2 fxg4 36. Rg3 Bc5+ 37. Kg2 Kf6 38. Rxg4 Rg7 39. Kf3 Rxg4 40. Kxg4 Bd4 41. f5 Be5 42. Be6 Bd4 43. Kf4 Bc5 44. Ke4 Bb4 45. Kd5 Bc5 1/2-1/2

[Event "Grand Prix B"]
[Site "Winnipeg CAN"]
[Date "2008.12.02"]
[Round "4"]
[White "Wierda, John"]
[Black "Green, Jim"]
[Result "1-0"]
[WhiteElo "1726"]
[BlackElo "1754"]
[PlyCount "97"]
[GameId "2160767910294478"]
[EventDate "2008.11.04"]
[EventType "tourn"]
[EventRounds "6"]
[EventCountry "CAN"]
[SourceTitle "EXT 2011"]
[Source "ChessBase"]
[SourceDate "2011.11.26"]
[SourceVersion "1"]
[SourceVersionDate "2011.11.26"]
[SourceQuality "1"]

1. Nf3 d5 2. c4 c6 3. cxd5 cxd5 4. g3 Bg4 5. Bg2 Nf6 6. O-O Nc6 7. Qa4 Qd7 8. Nc3 e6 9. a3 Bd6 10. Nb5 O-O 11. Nxd6 Qxd6 12. d4 Rfc8 13. Bf4 Qe7 14. Bg5 h6 15. Be3 b5 16. Qd1 Na5 17. Ne5 Bf5 18. Nd3 Nc4 19. Bc1 a5 20. f3 Qa7 21. Nc5 Nd7 22. Nxd7 Qxd7 23. e4 Bg6 24. b3 Nb6 25. Re1 Rc6 26. Bf4 Rac8 27. Rc1 Rxc1 28. Bxc1 a4 29. Re3 axb3 30. Rxb3 Nc4 31. Rb4 dxe4 32. fxe4 Kh8 33. Kh1 Nd6 34. d5 Nc4 35. h4 Rd8 36. a4 exd5 37. axb5 Nb6 38. Be3 Qc7 39. Qd4 Nd7 40. b6 Qxg3 41. exd5 Qe1+ 42. Kh2 f6 43. b7 Rb8 44. d6 Be8 45. Qe4 Ne5 46. Ba7 Qxe4 47. Bxe4 Nc6 48. Bxc6 Bxc6 49. Bxb8 1-0

[Event "Grand Prix B"]
[Site "Winnipeg CAN"]
[Date "2008.12.09"]
[Round "5"]
[White "Green, Jim"]
[Black "Kong, Dezheng"]
[Result "1-0"]
[WhiteElo "1754"]
[BlackElo "1870"]
[PlyCount "105"]
[GameId "2160767740941026"]
[EventDate "2008.11.04"]
[EventType "tourn"]
[EventRounds "6"]
[EventCountry "CAN"]

1. e4 c5 2. Nf3 e6 3. d3 Nf6 4. Nbd2 d6 5. g3 Be7 6. Bg2 O-O 7. O-O Nc6 8. c3 e5 9. a4 Be6 10. Ng5 d5 11. Nxe6 fxe6 12. Bh3 Qd6 13. Qe2 Rae8 14. Nf3 h6 15. Nh4 Kh7 16. f4 Nd7 17. Qh5 Bxh4 18. Qxh4 exf4 19. Bxf4 e5 20. Bd2 Ne7 21. Qg4 Nf6 22. Qe2 dxe4 23. dxe4 Rd8 24. Rad1 Qb6 25. b4 cxb4+ 26. Be3 Qc6 {Error reading move: de4} 27. cxb4 Rxd1 28. Rxd1 Qxe4 29. Bg2 Qxb4 30. Qc2+ Ng6 31. Bc5 Rc8 32. Qxg6+ Kxg6 33. Bxb4 Rc4 34. Bd6 e4 35. a5 b6 36. axb6 axb6 37. Bf4 b5 38. h3 h5 39. Rb1 b4 40. Bf1 Rd4 41. Be3 Rd5 42. Rxb4 Rd1 43. Kf2 Kf5 44. Rb5+ Rd5 45. Rxd5+ Nxd5 46. Be2 g6 47. Bc4 Nb4 48. Bd2 Nc6 49. Bc3 h4 50. g4+ Kf4 51. Bd2+ Ke5 52. Ke3 Ne7 53. Bc3+ 1-0